02124nab a2200205 i 4500001000400000003000400004005001700008008003900025040000800064080001700072100015000089245032000239260001000559500002100569520100400590650001701594650002901611700014901640773012901789BPPBPK20190610114319.0141104s1990 pl n f |000 0pol cBPK a621.791/.795 aWALASIK, Stanisław.d1973 - 1996.bWyższa Szkoła Inżynierska w Koszalinie - Wydział Mechaniczny,cZakład Maszyn i Urządzeń Rolniczych aWpływ konstrukcji głowicy osełkowej na możliwość uzyskania stałego nacisku osełki na przedmiot w całym cyklu gładzenia =bThe effect of honing tool design on the possibility of obtaining the hone constant pressure on the workpiece within the whole honing cycle /cStanisław Walasik, Marek Bohuszewicz. c1990. aDane z autopsji. aW artykule - pracy przeanalizowano główne czynniki mające istotny wpływ na prawidłowy przebieg procesu gładzenia - honowania. Dokonano szczegółowej analizy rozkładu sił występujących w głowicy osełkowej w pełnym cyklu obróbkowym. Stwierdzono, że w trakcie gładzenia, nacisk osełek na przedmiot obrabiany w strefie skrawania przy ruchu głowicy do góry jest 1,9 razy większy niż przy jej ruchu w dół. Powoduje to, że struktura geometryczna obrobionej powierzchni posiada rysy o różnej głębokości i wysokości wierzchołków oraz przypadkowym ich rozmieszczeniu, co wpływa ujemnie na współpracę skojarzenia tuleja - tłok, szczególnie w okresie docierania. Analiza ta pozwoliła na opracowanie konstrukcji specjalnej głowicy osełkowej zapewniającej stały nacisk narzędzia na powierzchnie obrabiane w pełnym cyklu gładzenia i kształtowania bardziej równomiernej stereometrii powierzchni o korzystnych właściwościach użytkowych. 0aPolerowanie. 0aInżynieria powierzchni aBOHUSZEWICZ, Marek.d1977 - 1996.bWyższa Szkoła Inżynierska w Koszalinie - Wydział Mechaniczny,cZakład Maszyn i Urządzeń Rolniczych iW :tZeszyty Naukowe Wydziału Mechanicznego Wyższej Szkoły Inżynierskiej w Koszalinie. -g1990, nr 14 [37], s. 235-258